000 01444 a2200229 4500
001 42585
005 20260407155714.0
008 260407a1971 arg spa d
003 AR-UNSa-BCEJYS
040 _aAR-UNSa-BCEJYS
_bspa
_cAR-UNSa-BCEJYS
080 _a339.9
_xEconomía internacional en general. Relaciones económicas internacionales. Economía mundial
245 1 0 _aManual de economía internacional
264 1 _aBuenos Aires :
_bAmorrortu Editores
_c1971
300 _a465 p.
_c23 cm.
505 _a1. Introducción - 2. Prólogo - 3. Nota sobre las bibliografías de los capítulos - 4. Parte Primera: Teoría pura del comercio internacional : 1. El comercio y los precios relativos de los factores de producción - 2. Apéndice al capítulo 1 - 3. El comercio y la oferta relativa de los factores de producción - 4. Los términos del intercambio - 4. Teoría de las uniones aduaneras - Parte Segunda : Teoría monetaria internacional: 6. El mecanismo de ajuste de los pagos internacionales - 7. Tipos de cambio:¿Fijos o flexibles? - 8. Las elasticidades y la absorción en el análisis de la devaluación - 9. El desequilibrio persistente: escasez y saturación de dólares - 10. La suficiencia de las reservas internacionales - Bibliograía en castellano
041 _aspa
942 _cBK
590 _aniveau_biblio:m niveau_hierar:0
100 1 _aPfister, R.L.
700 1 _aClement, M.O.
700 1 _aRothwell, K.J.
999 _c3629
_d3629